000 00517 a2200193 4500
020 _a0201640457
040 _aDLC
_bDLC
082 _a530
100 _aYoung, Hugh D.
245 _aUniversity Physics
_cYoung, Hugh D.
_hBook
250 _a9th ed.
260 _aReading, Mass.
_b: Addison-Wesley,
_c c1996.
300 _axix, 1259 p. ;
_b: ill.
_c 26 cm.
440 _aAddison-Wesley series in physics
500 _aIncludes Index
650 _aPhysics.
700 _aFreedman, Roger A.
942 _cBK
_k530 YOU
_2ddc
999 _c7655
_d7655